Mariano Marcos State University

University Library System

Biocapacity and ecological footprint for rice and wood in the Philippines (Record no. 9779)

MARC details
000 -LEADER
fixed length control field 00562nam a22001697a 4500
003 - CONTROL NUMBER IDENTIFIER
control field OSt
005 - DATE AND TIME OF LATEST TRANSACTION
control field 20171010095525.0
008 - FIXED-LENGTH DATA ELEMENTS--GENERAL INFORMATION
fixed length control field 110907t xxu||||| |||| 00| 0 eng d
040 ## - CATALOGING SOURCE
Original cataloging agency MMSU
Transcribing agency ULS
100 ## - MAIN ENTRY--PERSONAL NAME
Personal name Pastor, Floramante C.
9 (RLIN) 4074
245 ## - TITLE STATEMENT
Title Biocapacity and ecological footprint for rice and wood in the Philippines
Statement of responsibility, etc. Floramante C. Pastor
260 ## - PUBLICATION, DISTRIBUTION, ETC.
Date of publication, distribution, etc. 2007
300 ## - PHYSICAL DESCRIPTION
Extent xii, 172 leaves
Dimensions 28 cm.
500 ## - GENERAL NOTE
General note Thesis (Ph.D.-Envi Sci) -- University of the Philippines, Los Banos, Laguna
504 ## - BIBLIOGRAPHY, ETC. NOTE
Bibliography, etc. note Bibliography: leaves 171-172
942 ## - ADDED ENTRY ELEMENTS (KOHA)
Source of classification or shelving scheme
Koha item type Thesis/Dissertation
Holdings
Withdrawn status Lost status Source of classification or shelving scheme Damaged status Not for loan Home library Current library Date acquired Total Checkouts Barcode Date last seen Price effective from Koha item type Public note
          REF REF 08/24/2012   483-Gr 10/10/2017 10/10/2017 Thesis/Dissertation Library Use only

© 2023 Mariano Marcos State University. All Rights Reserved.

Powered by Koha